[Event "Tournoi Skype 017A"]
[Site "Skype"]
[Date "????.??.??"]
[Round "2.13"]
[White "Le Brun, Yves"]
[Black "Trivedi, Viral"]
[Result "1-0"]
[WhiteElo "1540"]
[BlackElo "1617"]
[PlyCount "143"]

1. e4 e6 2. c3 d5 3. Qc2 c5 4. Nf3 Nd7 5. d3 dxe4 6. dxe4 e5 7. Bc4 Ngf6 8. h3
Qc7 9. Qb3 Nb6 10. Bb5+ Bd7 11. Nbd2 a6 12. Bxd7+ Nbxd7 13. c4 Bd6 14. Qe3 b5
15. b3 bxc4 16. Nxc4 Be7 17. Bb2 Bd6 18. Rd1 Be7 19. Nfxe5 Nxe5 20. Bxe5 Qc6
21. Nd6+ Bxd6 22. Rxd6 Qxe4 23. Bxf6 Qxe3+ 24. fxe3 gxf6 25. Rxf6 O-O 26. Rhf1
a5 27. R1f5 Rac8 28. Kf2 c4 29. bxc4 Rxc4 30. Rxa5 Kg7 31. Rf4 Rc2+ 32. Kf3 Rd8
33. h4 Rdd2 34. Rg4+ Kf8 35. Ra8+ Ke7 36. Ra7+ Kf8 37. Ra8+ Ke7 38. Re4+ Kf6
39. g3 h5 40. Rf4+ Kg7 41. Ra7 Rxa2 42. Rfxf7+ Kg8 43. Rxa2 Rxa2 44. Rf5 Ra7
45. Rxh5 Kg7 46. Kf4 Ra4+ 47. e4 Ra7 48. e5 Rf7+ 49. Rf5 Rc7 50. Kg5 Kh7 51. g4
Rg7+ 52. Kh5 Kh8 53. g5 Rh7+ 54. Kg4 Rc7 55. e6 Kg8 56. g6 Re7 57. Re5 Kg7 58.
Kg5 Kf8 59. h5 Kg7 60. h6+ Kf8 61. Kf6 Rh7 62. Rc5 Rf7+ 63. Ke5 Ra7 64. Kd6 Ra8
65. h7 Rd8+ 66. Ke5 Kg7 67. Kf5 Rf8+ 68. Kg5 Re8 69. Rc7+ Kh8 70. Rf7 Rxe6 71.
Rf8+ Kg7 72. Rg8# 1-0

[Event "Tournoi Skype 017A"]
[Site "Skype"]
[Date "????.??.??"]
[Round "2.14"]
[White "Rochette, Mathieu"]
[Black "Prasad Singh, Ambika"]
[Result "1-0"]
[WhiteElo "1604"]
[BlackElo "1549"]
[PlyCount "53"]

1. d4 Nf6 2. c4 e6 3. Nf3 d5 4. Bg5 Be7 5. Nc3 c6 6. cxd5 cxd5 7. Qc2 Nc6 8. a3
h6 9. Bh4 Bd7 10. e3 Qa5 11. Rc1 a6 12. Bd3 Ne4 13. Bxe4 dxe4 14. Qxe4 f5 15.
Qd3 Nd8 16. Bxe7 Kxe7 17. O-O Nf7 18. Rfd1 Bc6 19. e4 g6 20. d5 Rhd8 21. Qc4
Nd6 22. Qd4 Be8 23. dxe6 Kxe6 24. exf5+ Qxf5 25. Re1+ Kf7 26. Nd5 Bc6 27. Re7+
1-0

[Event "Tournoi Skype 017A"]
[Site "Skype"]
[Date "????.??.??"]
[Round "2.15"]
[White "Coruble, Didier"]
[Black "Perez Fermin, Jose"]
[Result "1-0"]
[WhiteElo "1511"]
[BlackElo "1599"]
[PlyCount "55"]

1. Nf3 Nf6 2. e3 d5 3. c4 c6 4. b3 Bf5 5. Nd4 Bg6 6. d3 e5 7. Nf3 Qc7 8. Bb2
Nbd7 9. Nbd2 Rd8 10. Be2 Be7 11. Nh4 O-O 12. Nxg6 fxg6 13. Qc2 Bd6 14. Rc1 Qb8
15. Nf3 Rfe8 16. O-O e4 17. Ne1 exd3 18. Bxd3 Bxh2+ 19. Kh1 Ng4 20. Be2 Ndf6
21. Bxf6 Nxf6 22. f4 Bg3 23. Bf3 Rxe3 24. Nd3 Nh5 25. cxd5 cxd5 26. b4 Nxf4 27.
Nxf4 Qxf4 28. Bxd5+ 1-0

[Event "Tournoi Skype 017A"]
[Site "Skype"]
[Date "????.??.??"]
[Round "2.16"]
[White "Duthoit, Bernard"]
[Black "Holtz, Steve"]
[Result "0-1"]
[WhiteElo "1585"]
[BlackElo "1538"]
[PlyCount "92"]

1. e4 e5 2. d4 exd4 3. c3 dxc3 4. Bc4 cxb2 5. Bxb2 Bb4+ 6. Nc3 Qe7 7. Kf1 Nf6
8. Qb3 Bxc3 9. Bxc3 d6 10. Nf3 O-O 11. g3 Bh3+ 12. Ke1 Qxe4+ 13. Be2 Bg4 14.
Bxf6 Bxf3 15. Qxf3 Qxf3 16. Bxf3 Nc6 17. Bc3 Rfe8+ 18. Kd2 Ne5 19. Bxe5 dxe5
20. Bxb7 Rab8 21. Bd5 Red8 22. Kc2 Rxd5 23. Rhd1 Rc5+ 24. Kd2 Rd5+ 25. Ke3 Rxd1
26. Rxd1 g6 27. Ke4 Rb2 28. Kxe5 Rxf2 29. h4 Kg7 30. Rd7 Rxa2 31. Rxc7 a5 32.
Rc4 a4 33. g4 a3 34. g5 Re2+ 35. Kf4 a2 36. Rc1 Rb2 37. Ra1 Rb4+ 38. Kg3 Rb2
39. Kg4 Kf8 40. h5 Ke7 41. hxg6 hxg6 42. Kf4 Kd6 43. Ke4 Kc5 44. Kd3 Kb4 45.
Kd4 Kb3 46. Kd3 Rb1 0-1

[Event "Tournoi Skype 017A"]
[Site "Skype"]
[Date "????.??.??"]
[Round "2.17"]
[White "Meaney, Mike"]
[Black "Yeter, Orhan"]
[Result "1-0"]
[WhiteElo "1485"]
[BlackElo "1585"]
[PlyCount "81"]

1. e4 c5 2. Nf3 d6 3. Bc4 e6 4. d3 Nc6 5. a3 g6 6. Be3 Bg7 7. c3 Nf6 8. h3 O-O
9. Qd2 Re8 10. Bg5 Qc7 11. h4 d5 12. Bxf6 Bxf6 13. Bb5 Bd7 14. Bxc6 Bxc6 15.
Qe3 d4 16. Qd2 Rad8 17. h5 dxc3 18. Nxc3 Bxc3 19. Qxc3 Bb5 20. Rd1 e5 21. hxg6
fxg6 22. Ng5 Rd7 23. Qb3+ c4 24. Qxb5 cxd3 25. Qb3+ Kh8 26. O-O d2 27. Ne6 Qd6
28. Ng5 Qc6 29. Nf7+ Kg7 30. Ng5 h6 31. Nf3 Qxe4 32. Nxd2 Qc6 33. Rc1 Qa6 34.
Ne4 b6 35. Rc6 Qb7 36. Rfc1 Red8 37. Qc2 Rf8 38. Ng5 hxg5 39. Qxg6+ Kh8 40.
Qh6+ Rh7 41. Qxf8# 1-0

[Event "Tournoi Skype 017A"]
[Site "Skype"]
[Date "????.??.??"]
[Round "2.19"]
[White "L'Herbon De Lussats, Jean"]
[Black "De Nobrega, George"]
[Result "1/2-1/2"]
[WhiteElo "1454"]
[BlackElo "1563"]
[PlyCount "47"]

1. e4 e5 2. c4 Nf6 3. Nc3 Bc5 4. Nf3 Nc6 5. d3 Ng4 6. Be3 Bxe3 7. fxe3 Nxe3 8.
Qe2 Nxf1 9. Qxf1 d6 10. Qf2 Bg4 11. d4 Bxf3 12. gxf3 Nxd4 13. f4 Qf6 14. Nd5
Qd8 15. O-O-O c6 16. Nc3 Qb6 17. Rhf1 O-O-O 18. fxe5 dxe5 19. Qxf7 Qc7 20. Qf2
Rhf8 21. Qg2 Rxf1 22. Rxf1 Qd7 23. Rd1 Qe7 24. Qh3+ 1/2-1/2

[Event "Tournoi Skype 017A"]
[Site "Skype"]
[Date "????.??.??"]
[Round "2.20"]
[White "Saponara, Jose Maria"]
[Black "Malbec, Robert"]
[Result "1-0"]
[WhiteElo "1563"]
[BlackElo "1500"]
[PlyCount "75"]

1. e4 e5 2. Nf3 Nc6 3. d4 exd4 4. Nxd4 Nxd4 5. Qxd4 c5 6. Qe3 Be7 7. Bc4 d6 8.
Nc3 Nf6 9. O-O O-O 10. h3 a6 11. a4 Bd7 12. b3 b5 13. axb5 axb5 14. Rxa8 Qxa8
15. Bxb5 Bxb5 16. Nxb5 Qxe4 17. Qxe4 Nxe4 18. Re1 Bg5 19. f4 Bxf4 20. Bxf4 d5
21. c4 Nf6 22. Re5 Rd8 23. Be3 d4 24. Bg5 Rc8 25. Bxf6 gxf6 26. Rd5 Kf8 27. Kf2
Kg7 28. Kf3 Re8 29. Nxd4 cxd4 30. Rxd4 Rb8 31. Rd3 h6 32. c5 Rb5 33. Rc3 Kf8
34. c6 Rb8 35. b4 Ke8 36. c7 Rc8 37. b5 Kd7 38. b6 1-0

[Event "Tournoi Skype 017A"]
[Site "Skype"]
[Date "????.??.??"]
[Round "2.21"]
[White "Raheja, Shiv"]
[Black "Thoune, Jim"]
[Result "0-1"]
[WhiteElo "1446"]
[BlackElo "1562"]
[PlyCount "56"]

1. e4 g6 2. d4 d6 3. Bc4 Bg7 4. Nf3 e6 5. Nc3 Ne7 6. Ne2 O-O 7. O-O Nd7 8. c3
c5 9. dxc5 Nxc5 10. Ng3 Qc7 11. Re1 Bd7 12. Bg5 Nc6 13. Rc1 a5 14. Rc2 Kh8 15.
Rd2 Ne5 16. Be7 Nxc4 17. Bxf8 Rxf8 18. Rde2 a4 19. Qc2 Bb5 20. Rd1 Ne5 21. Re3
Ng4 22. Ree1 Bc4 23. a3 Bb3 24. Qc1 Bxd1 25. Qxd1 Qb6 26. h3 Nxf2 27. Qd2 Nfd3
28. Rd1 Nxe4+ 0-1

[Event "Tournoi Skype 017A"]
[Site "Skype"]
[Date "????.??.??"]
[Round "2.22"]
[White "Aranzubia, Desiderio"]
[Black "Fouquereau, Andre"]
[Result "1-0"]
[WhiteElo "1550"]
[BlackElo "1452"]
[PlyCount "69"]

1. d4 d5 2. c4 Nf6 3. Nc3 c6 4. cxd5 cxd5 5. Bf4 e6 6. a3 Nbd7 7. Qd2 Ne4 8.
Nxe4 dxe4 9. e3 Nf6 10. h3 Be7 11. Rc1 O-O 12. Bb5 a6 13. Bc7 Qd5 14. Bc4 Qd7
15. Ba2 Nd5 16. Be5 b6 17. Ne2 Bb7 18. Bb1 Nf6 19. Rc7 Qd8 20. Rxb7 Rc8 21. Nc3
Rc6 22. Nxe4 Qc8 23. Rxe7 Rc1+ 24. Ke2 Rxh1 25. Bc2 Nxe4 26. Bxe4 Rc1 27. d5
Rd8 28. d6 Qc4+ 29. Bd3 Qc5 30. Rc7 Qxe5 31. Rxc1 g6 32. Bxa6 Rxd6 33. Rc8+ Kg7
34. Qc3 Qxc3 35. Rxc3 1-0

[Event "Tournoi Skype 017A"]
[Site "Skype"]
[Date "????.??.??"]
[Round "3.1"]
[White "Rico Hernandez, Edgar"]
[Black "Hervais, Adrien"]
[Result "1/2-1/2"]
[WhiteElo "1844"]
[BlackElo "1995"]
[PlyCount "112"]

1. d4 e6 2. c4 d5 3. Nc3 c6 4. e3 Nf6 5. Nf3 Bb4 6. Qc2 Ne4 7. Bd3 f5 8. O-O
O-O 9. Ne5 Nd7 10. Nxd7 Bxd7 11. f3 Nf6 12. cxd5 cxd5 13. Qb3 Bd6 14. Bd2 Kh8
15. Rac1 Bc6 16. Bb5 Bc7 17. Ne2 Qd6 18. g3 a5 19. Rc2 Bxb5 20. Qxb5 Bb6 21.
Rfc1 Nd7 22. b4 a4 23. a3 e5 24. Kg2 Rfe8 25. Qd3 e4 26. fxe4 fxe4 27. Qb5 Rf8
28. Nf4 Nf6 29. h3 g5 30. Ne2 Nh5 31. Be1 g4 32. h4 Qf6 33. Ng1 Qd6 34. Ne2 Ng7
35. Nf4 Nf5 36. Bd2 Rfd8 37. Qe2 Rg8 38. Qb5 Rad8 39. Qxa4 Bxd4 40. exd4 e3 41.
Be1 Nxh4+ 42. gxh4 Qxf4 43. Bg3 Qxd4 44. Qb5 Qe4+ 45. Kh2 Rde8 46. Qc5 e2 47.
Qc3+ d4 48. Qb2 Rg7 49. Re1 d3 50. Rc7 Ree7 51. Rxe7 Qxe7 52. Be5 Qxh4+ 53. Kg2
Qh3+ 54. Kf2 Qf3+ 55. Kg1 Qe3+ 56. Kg2 Qf3+ 1/2-1/2

[Event "Tournoi Skype 017A"]
[Site "Skype"]
[Date "????.??.??"]
[Round "3.2"]
[White "Dal, Ibrahim"]
[Black "Hilton, Stephen"]
[Result "1/2-1/2"]
[WhiteElo "1832"]
[BlackElo "1909"]
[PlyCount "60"]

1. d4 Nf6 2. Nf3 g6 3. Bf4 Bg7 4. e3 O-O 5. Be2 d5 6. h3 b6 7. Ne5 Bb7 8. Bf3
Nbd7 9. c4 Qc8 10. Nxd7 Qxd7 11. Qc2 Rab8 12. Nd2 dxc4 13. Qxc4 Rfc8 14. O-O
Ne8 15. Bg4 e6 16. Bf3 Nd6 17. Qe2 Ra8 18. Rac1 Bxf3 19. Nxf3 f6 20. Rc2 Nf7
21. Rfc1 e5 22. dxe5 fxe5 23. Bg3 c5 24. Qc4 Kh8 25. Qe4 Qe6 26. Nxe5 Nxe5 27.
f4 Re8 28. fxe5 Bxe5 29. Bxe5+ Qxe5 30. Qxe5+ Rxe5 1/2-1/2

[Event "Tournoi Skype 017A"]
[Site "Skype"]
[Date "????.??.??"]
[Round "3.3"]
[White "Elias, Roberto"]
[Black "Engstrom, Olle"]
[Result "1/2-1/2"]
[WhiteElo "1903"]
[BlackElo "1712"]
[PlyCount "80"]

1. c4 c5 2. Nc3 Nc6 3. g3 g6 4. Bg2 Bg7 5. e3 e6 6. Nge2 Nge7 7. d4 cxd4 8.
Nxd4 O-O 9. O-O Nxd4 10. exd4 d5 11. Bg5 dxc4 12. d5 h6 13. Bxe7 Qxe7 14. Qc2
Rb8 15. Rad1 b5 16. d6 Qd7 17. Ne4 Rd8 18. Nc5 Qe8 19. b3 cxb3 20. Qxb3 Rb6 21.
Ne4 Bb7 22. d7 Rxd7 23. Rxd7 Qxd7 24. Nc5 Qc7 25. Nxb7 Rxb7 26. Bxb7 Qxb7 27.
Rb1 a6 28. a4 Bd4 29. axb5 axb5 30. Qxb5 Qf3 31. Rf1 e5 32. Qe8+ Kg7 33. Qd8
Qe4 34. h4 Qf3 35. Qd7 Qxg3+ 36. Kh1 Qxh4+ 37. Kg2 Qe4+ 38. Kg3 Qf4+ 39. Kg2
Qe4+ 40. Kg3 Qf4+ 1/2-1/2

[Event "Tournoi Skype 017A"]
[Site "Skype"]
[Date "????.??.??"]
[Round "3.4"]
[White "Mulrooney, Justin"]
[Black "Deville, Olivier"]
[Result "0-1"]
[WhiteElo "1728"]
[BlackElo "1890"]
[PlyCount "82"]

1. d4 Nf6 2. c4 e6 3. Nc3 Bb4 4. Nf3 O-O 5. e3 b6 6. Bd3 Bb7 7. O-O d6 8. a3
Bxc3 9. bxc3 Ne4 10. Qc2 f5 11. Nd2 Nxd2 12. Bxd2 Qh4 13. f3 Nd7 14. e4 f4 15.
Be1 Qh5 16. Qf2 Rf6 17. Qh4 Qf7 18. Bd2 Rf8 19. Qf2 Rh6 20. g3 fxg3 21. hxg3
Rf6 22. Kg2 e5 23. Bg5 Rg6 24. Qe3 Nf6 25. Bh4 Nh5 26. Kh2 Bc8 27. Ra2 Ba6 28.
d5 Nf6 29. Raf2 Rh6 30. Kg2 Rh5 31. Rh1 h6 32. g4 Rxh4 33. Rxh4 Nh7 34. Kg3 Ng5
35. f4 exf4+ 36. Rxf4 Qxf4+ 37. Qxf4 Rxf4 38. Kxf4 Nf7 39. Ke3 Ne5 40. Kd4 Nf3+
41. Ke3 Nxh4 0-1

[Event "Tournoi Skype 017A"]
[Site "Skype"]
[Date "????.??.??"]
[Round "3.5"]
[White "Murgia, Stefano"]
[Black "Plourde, Alain"]
[Result "0-1"]
[WhiteElo "1639"]
[BlackElo "1862"]
[PlyCount "50"]

1. e4 e6 2. d4 d5 3. Nc3 dxe4 4. Nxe4 Bd7 5. Nf3 Bc6 6. Bd3 Nd7 7. O-O Ngf6 8.
Ned2 Be7 9. c4 O-O 10. b3 Re8 11. Qe2 Bxf3 12. Nxf3 c5 13. dxc5 Bxc5 14. Bb2 e5
15. Bf5 e4 16. Ng5 e3 17. f4 Qb6 18. Rf3 Rad8 19. Rg3 Nf8 20. Bxh7+ N8xh7 21.
Nxh7 Kxh7 22. Bxf6 Qxf6 23. Re1 Qxf4 24. Qh5+ Kg8 25. Rf3 Rd1 0-1

[Event "Tournoi Skype 017A"]
[Site "Skype"]
[Date "????.??.??"]
[Round "3.7"]
[White "Lambert, Pierre"]
[Black "Hague, Mark"]
[Result "1-0"]
[WhiteElo "1857"]
[BlackElo "1456"]
[PlyCount "59"]

1. e4 c6 2. d4 d5 3. e5 Bf5 4. Nf3 h6 5. Bd3 Bxd3 6. Qxd3 e6 7. O-O Ne7 8. Qb3
Qb6 9. Nbd2 Nd7 10. c4 dxc4 11. Nxc4 Qxb3 12. Nd6+ Kd8 13. Nxf7+ Ke8 14. Nd6+
Kd8 15. axb3 Kc7 16. Bd2 Nd5 17. Ne4 Be7 18. Rfc1 Rhb8 19. Ne1 a6 20. Nd3 Kd8
21. Nf4 Nxf4 22. Bxf4 Rc8 23. Ng3 g5 24. Bd2 Ke8 25. Ne4 c5 26. Be3 cxd4 27.
Bxd4 Bd8 28. Nd6+ Kf8 29. Nxc8 Rxc8 30. Rxc8 1-0

[Event "Tournoi Skype 017A"]
[Site "Skype"]
[Date "????.??.??"]
[Round "3.8"]
[White "Saponara, Jose Maria"]
[Black "Loayza, Juan Antonio"]
[Result "0-1"]
[WhiteElo "1563"]
[BlackElo "1875"]
[PlyCount "58"]

1. e4 c5 2. Nf3 d6 3. d4 cxd4 4. Nxd4 Nf6 5. Nc3 a6 6. Be2 e5 7. Nb3 Be6 8. Be3
Be7 9. g4 h6 10. h3 Nbd7 11. Qd2 Qc7 12. O-O-O b5 13. f4 exf4 14. Bxf4 Ne5 15.
Nd5 Bxd5 16. exd5 Ng6 17. Qe3 Nxf4 18. Qxf4 Nh5 19. Qf2 Nf4 20. Bf3 O-O 21. h4
g5 22. hxg5 Bxg5 23. Kb1 Rae8 24. Nd4 Qc5 25. Qh2 Re3 26. Bg2 Rfe8 27. Nf5 Re2
28. Nxh6+ Kf8 29. Nf5 Qxc2+ 0-1

[Event "Tournoi Skype 017A"]
[Site "Skype"]
[Date "????.??.??"]
[Round "3.9"]
[White "Aceituno, Stebe"]
[Black "Barrasso, Alex"]
[Result "0-1"]
[WhiteElo "1574"]
[BlackElo "1846"]
[PlyCount "48"]

1. e4 e5 2. Nf3 Nc6 3. Bc4 Bc5 4. O-O Nf6 5. Nc3 d6 6. h3 Be6 7. Bxe6 fxe6 8.
a3 a5 9. Ng5 Ke7 10. d3 h6 11. Nf3 g5 12. Nxg5 hxg5 13. Bxg5 Kd7 14. Qf3 Rf8
15. Qg3 Qe8 16. Nb5 Nh5 17. Qh4 Nf4 18. Bxf4 Rxf4 19. Qg3 Qf7 20. b4 axb4 21.
axb4 Bxf2+ 22. Rxf2 Rxa1+ 23. Kh2 Rxf2 24. c3 Raa2 0-1

[Event "Tournoi Skype 017A"]
[Site "Skype"]
[Date "????.??.??"]
[Round "3.11"]
[White "Thoune, Jim"]
[Black "Legueltel, Daniel"]
[Result "0-1"]
[WhiteElo "1562"]
[BlackElo "1737"]
[PlyCount "94"]

1. d4 d5 2. Nf3 Nf6 3. e3 c6 4. Bd3 Bg4 5. Nbd2 e6 6. O-O Bd6 7. h3 Bh5 8. c4
dxc4 9. Nxc4 Bc7 10. Be2 O-O 11. Qc2 Nbd7 12. Re1 Re8 13. b4 Nb6 14. Nxb6 axb6
15. Bb2 Qd6 16. a3 Bg6 17. Bd3 Bxd3 18. Qxd3 e5 19. e4 Nd7 20. Qc3 exd4 21.
Qxd4 Qxd4 22. Bxd4 Ne5 23. Nxe5 Bxe5 24. Bxe5 Rxe5 25. f4 Re7 26. Re3 Rd7 27.
Rae1 Rd2 28. R1e2 Rxe2 29. Rxe2 Rxa3 30. Rd2 Kf8 31. Kf2 Rb3 32. Rd4 c5 33.
bxc5 bxc5 34. Rc4 b6 35. e5 Ke7 36. f5 g6 37. fxg6 hxg6 38. h4 Rb4 39. Rxb4
cxb4 40. Ke3 b3 41. Kd3 b2 42. Kc2 b1=Q+ 43. Kxb1 Ke6 44. g4 Kxe5 45. h5 gxh5
46. gxh5 Kf6 47. h6 Kg6 0-1

[Event "Tournoi Skype 017A"]
[Site "Skype"]
[Date "????.??.??"]
[Round "3.12"]
[White "Janssen, Gerard"]
[Black "Le Brun, Yves"]
[Result "1-0"]
[WhiteElo "1721"]
[BlackElo "1540"]
[PlyCount "99"]

1. d4 Nf6 2. c4 d5 3. Nc3 c6 4. e3 Bf5 5. Nf3 h6 6. Qb3 b6 7. Ne5 e6 8. Be2 Be7
9. O-O O-O 10. a4 Nfd7 11. f4 Nxe5 12. fxe5 a5 13. c5 Nd7 14. cxb6 Nxb6 15. Qd1
Bb4 16. Bd3 Bxd3 17. Qxd3 Qe7 18. e4 dxe4 19. Nxe4 Nd5 20. Qg3 f5 21. exf6 Nxf6
22. Nxf6+ Rxf6 23. Be3 Raf8 24. Rxf6 Rxf6 25. Rf1 Bd6 26. Qg4 Bxh2+ 27. Kxh2
Rxf1 28. Bxh6 Kh7 29. Bf4 Qf6 30. Be5 Qh6+ 31. Qh3 g5 32. Bc7 Rf5 33. Kg3 Qxh3+
34. Kxh3 Kg6 35. Kg4 Rd5 36. Bb6 e5 37. dxe5 Rxe5 38. Kf3 Kf5 39. g4+ Ke6 40.
Bd4 Rd5 41. Ke4 c5 42. Bc3 Rd1 43. Bxa5 Rd4+ 44. Kf3 Rxa4 45. Bd2 Ra2 46. Bxg5
Rxb2 47. Be3 c4 48. Ke4 Rb3 49. Bd4 Rd3 50. g5 1-0

[Event "Tournoi Skype 017A"]
[Site "Skype"]
[Date "????.??.??"]
[Round "3.13"]
[White "Megelas, Florent"]
[Black "Coruble, Didier"]
[Result "1-0"]
[WhiteElo "1705"]
[BlackElo "1511"]
[PlyCount "87"]

1. Nf3 Nc6 2. d4 d5 3. Bf4 Nf6 4. e3 e6 5. Bd3 Nh5 6. Bg3 Nxg3 7. hxg3 g6 8.
Nbd2 Bg7 9. c3 a6 10. Qc2 f5 11. Rc1 Bf6 12. Ke2 Qe7 13. a3 Bd7 14. Nb3 b6 15.
c4 O-O 16. Rh2 a5 17. Rch1 Rf7 18. Nh4 Kf8 19. c5 Bxh4 20. Rxh4 Rg7 21. cxb6
cxb6 22. Bb5 Rc8 23. Qd3 a4 24. Nd2 Kg8 25. Nf3 Rc7 26. Rc1 g5 27. Rh6 Be8 28.
Bxc6 Bxc6 29. Rc3 f4 30. gxf4 gxf4 31. Ne5 Be8 32. Rxc7 Qxc7 33. Rxe6 Bg6 34.
Nxg6 hxg6 35. Qc3 Qxc3 36. bxc3 b5 37. Rb6 fxe3 38. fxe3 Rc7 39. Kd3 g5 40.
Rxb5 g4 41. Rxd5 Rf7 42. Rg5+ Rg7 43. Rxg7+ Kxg7 44. c4 1-0

[Event "Tournoi Skype 017A"]
[Site "Skype"]
[Date "????.??.??"]
[Round "3.15"]
[White "Holtz, Steve"]
[Black "Gharbi, Said"]
[Result "1-0"]
[WhiteElo "1538"]
[BlackElo "1660"]
[PlyCount "45"]

1. d4 e5 2. dxe5 Nc6 3. Nf3 Qe7 4. e3 Nxe5 5. Nc3 Nf6 6. Be2 g6 7. b3 Bg7 8.
Bb2 Nxf3+ 9. Bxf3 O-O 10. O-O d6 11. Nd5 Qe6 12. Nxc7 Qd7 13. Nxa8 Qd8 14. Qd4
Nh5 15. Qxa7 Bxb2 16. Rab1 Be5 17. Nb6 Qh4 18. g3 Qg5 19. Nxc8 Rxc8 20. Qxb7
Rxc2 21. Bd5 Qf6 22. Rbc1 Rxa2 23. Rc7 1-0

[Event "Tournoi Skype 017A"]
[Site "Skype"]
[Date "????.??.??"]
[Round "3.16"]
[White "Bendre, Pankaj"]
[Black "Rochette, Mathieu"]
[Result "1-0"]
[WhiteElo "1531"]
[BlackElo "1604"]
[PlyCount "59"]

1. e4 c5 2. Nf3 d6 3. d4 cxd4 4. Nxd4 Nf6 5. Nc3 Bd7 6. Bc4 e6 7. Bg5 Be7 8.
Qd2 O-O 9. f4 Nxe4 10. Nxe4 d5 11. Bxd5 exd5 12. Nc3 Bxg5 13. fxg5 Re8+ 14.
Nce2 Bg4 15. O-O-O Bxe2 16. Nxe2 Re5 17. h4 Nc6 18. Kb1 Qb6 19. Qd3 Rae8 20.
Nf4 Nb4 21. Qd2 d4 22. g6 fxg6 23. h5 g5 24. Nd3 Rb5 25. b3 Nd5 26. Kb2 Nc3 27.
Rde1 Re6 28. Nc1 Qa6 29. Rxe6 Qxa2+ 30. Nxa2 1-0

[Event "Tournoi Skype 017A"]
[Site "Skype"]
[Date "????.??.??"]
[Round "3.17"]
[White "De Nobrega, George"]
[Black "Trivedi, Viral"]
[Result "0-1"]
[WhiteElo "1563"]
[BlackElo "1617"]
[PlyCount "48"]

1. e4 e5 2. Nf3 Nc6 3. Bb5 Bc5 4. Bxc6 dxc6 5. Nxe5 Qg5 6. O-O Bh3 7. Qf3 Qxe5
8. Qxh3 Nf6 9. d3 O-O 10. Nc3 Nh5 11. Qg4 Bd6 12. f4 Qd4+ 13. Kh1 g6 14. f5 Nf6
15. Qg5 Rfe8 16. fxg6 fxg6 17. Qxf6 Rf8 18. Qe6+ Kh8 19. Rxf8+ Rxf8 20. Bg5 Qf2
21. g3 Qf3+ 22. Kg1 Bc5+ 23. d4 Bxd4+ 24. Be3 Bxe3# 0-1

[Event "Tournoi Skype 017A"]
[Site "Skype"]
[Date "????.??.??"]
[Round "3.18"]
[White "Perez Fermin, Jose"]
[Black "L'Herbon De Lussats, Jean"]
[Result "1-0"]
[WhiteElo "1599"]
[BlackElo "1454"]
[PlyCount "133"]

1. e4 c5 2. Nf3 Nc6 3. d4 e6 4. c3 d5 5. dxc5 dxe4 6. Qxd8+ Nxd8 7. Bb5+ Nc6 8.
Ne5 Bd7 9. Nxd7 Kxd7 10. Be3 Nf6 11. c4 a6 12. Ba4 Kc7 13. a3 Nd7 14. b4 a5 15.
b5 Nce5 16. b6+ Kc8 17. Bxd7+ Nxd7 18. O-O Bxc5 19. Bxc5 Nxc5 20. Nc3 Ra6 21.
Rab1 a4 22. Rfd1 f5 23. Rb5 Nb3 24. Na2 Rd8 25. Rxd8+ Kxd8 26. Nb4 Ra8 27. Nc2
Rc8 28. Rb4 Nc5 29. Nd4 Ke7 30. Kf1 Rd8 31. Nb5 Rd3 32. Ke2 g5 33. g3 e5 34.
Nc7 f4 35. Nd5+ Ke6 36. Rb5 Kd6 37. Nb4 f3+ 38. Ke1 Rxa3 39. Nc2 Rc3 40. Ne3 a3
41. Ra5 h5 42. h3 Nd3+ 43. Kd2 Rb3 44. Nd1 Nc5 45. Kc2 Rd3 46. Nc3 Kc6 47. Rxa3
Kxb6 48. Nd5+ Rxd5 49. cxd5 Kc7 50. Ra8 Kd6 51. Rd8+ Nd7 52. Rg8 g4 53. hxg4
Nf6 54. Rd8+ Ke7 55. Rb8 Nxg4 56. Rxb7+ Kd6 57. Rh7 Nxf2 58. Kd2 Ng4 59. Rxh5
f2 60. Ke2 e3 61. Rh4 f1=Q+ 62. Kxf1 Nf2 63. Ke2 Kxd5 64. Kxe3 Nd1+ 65. Kd2 Nb2
66. Rb4 Nd3 67. Kxd3 1-0

[Event "Tournoi Skype 017A"]
[Site "Skype"]
[Date "????.??.??"]
[Round "3.19"]
[White "Malbec, Robert"]
[Black "Duthoit, Bernard"]
[Result "0-1"]
[WhiteElo "1500"]
[BlackElo "1585"]
[PlyCount "142"]

1. d4 e5 2. Nf3 e4 3. Ng5 d5 4. g3 Be7 5. Nh3 Nf6 6. Bg2 Nc6 7. e3 Be6 8. O-O
Qd7 9. Nf4 Bg4 10. Qe1 g5 11. Ne2 h5 12. Nd2 h4 13. f3 exf3 14. Bxf3 h3 15. a3
Bd6 16. b4 Bf5 17. c3 g4 18. Bh1 Ne7 19. c4 c6 20. c5 Bc7 21. Nf4 Nh5 22. Nxh5
Rxh5 23. Rf2 O-O-O 24. Nf1 Be6 25. a4 Rf5 26. Qe2 Rxf2 27. Kxf2 f5 28. b5 Rf8
29. bxc6 Nxc6 30. Bd2 Re8 31. a5 a6 32. Qd3 Qg7 33. Qb3 Nxd4 34. Qc3 Be5 35.
Rb1 Ne2 36. Qb3 Nd4 37. Qb4 Nc6 38. Qb6 Qc7 39. Qxc7+ Bxc7 40. Ra1 d4 41. Kg1
dxe3 42. Bxe3 Nxa5 43. Bd2 Nc4 44. Be1 Be5 45. Rb1 Re7 46. Bf2 Rd7 47. Re1 Bd5
48. Bxd5 Rxd5 49. Ne3 Nxe3 50. Bxe3 f4 51. gxf4 Bd4 52. Kf2 Bxe3+ 53. Rxe3 Rd2+
54. Kg3 Rc2 55. Re5 a5 56. c6 b6 57. Rb5 Rxc6 58. Kxg4 a4 59. Kxh3 a3 60. Rb1
Kc7 61. Kg4 Rc2 62. h4 Rb2 63. Ra1 Rb3 64. h5 Rd3 65. h6 b5 66. Kg5 b4 67. h7
Rd8 68. Kg6 Ra8 69. Kg7 b3 70. h8=Q Rxh8 71. Kxh8 a2 0-1

[Event "Tournoi Skype 017A"]
[Site "Skype"]
[Date "????.??.??"]
[Round "3.20"]
[White "Yeter, Orhan"]
[Black "Fouquereau, Andre"]
[Result "1-0"]
[WhiteElo "1585"]
[BlackElo "1452"]
[PlyCount "73"]

1. e4 e5 2. Nf3 d6 3. d4 exd4 4. Nxd4 Nf6 5. Nc3 Be7 6. Bd3 Nbd7 7. O-O Ne5 8.
Bb5+ c6 9. Ba4 O-O 10. Bf4 Qb6 11. Bb3 Bg4 12. f3 Bh5 13. Kh1 Rad8 14. Nf5 Qc7
15. Be3 b5 16. Ne2 Bg6 17. Nh4 d5 18. Nxg6 Nxg6 19. exd5 Nxd5 20. Bd4 Ne3 21.
Qe1 Nxf1 22. Qxf1 c5 23. a3 c4 24. Bf2 Qa5 25. Be1 Qc7 26. Bg3 Qc8 27. Bxc4
bxc4 28. Bf2 Bc5 29. Nc3 Rd2 30. Bxc5 Rfd8 31. Qxc4 Rxc2 32. b4 Rdd2 33. Rg1
Rxg2 34. Rxg2 Rc1+ 35. Rg1 Rc2 36. Qd3 Qc7 37. Qxc2 1-0

[Event "Tournoi Skype 017A"]
[Site "Skype"]
[Date "????.??.??"]
[Round "3.21"]
[White "Prasad Singh, Ambika"]
[Black "Raheja, Shiv"]
[Result "1-0"]
[WhiteElo "1549"]
[BlackElo "1446"]
[PlyCount "81"]

1. e4 d5 2. d4 dxe4 3. Nc3 Bf5 4. f3 exf3 5. Qxf3 Bc8 6. h3 Qxd4 7. Be3 Qf6 8.
O-O-O Qxf3 9. Nxf3 c6 10. Bf4 Nf6 11. Bc7 Nbd7 12. Ne5 e6 13. Bd3 Nxe5 14. Bxe5
Be7 15. Ne4 Nxe4 16. Bxe4 O-O 17. Rhf1 f6 18. Bd6 Bxd6 19. Rxd6 e5 20. Bd3 f5
21. Bc4+ Kh8 22. g4 b5 23. Bb3 Bb7 24. Rxf5 Rxf5 25. gxf5 Rf8 26. a4 h6 27. c3
bxa4 28. Bxa4 c5 29. Rd7 Be4 30. Rxa7 Bxf5 31. h4 e4 32. Ra5 Rc8 33. Kd2 h5 34.
b4 g6 35. bxc5 Rd8+ 36. Ke1 Rd3 37. c4 Rh3 38. c6 Rxh4 39. c7 e3 40. Rxf5 Rxc4
41. Rf8+ 1-0

[Event "Tournoi Skype 017A"]
[Site "Skype"]
[Date "????.??.??"]
[Round "4.1"]
[White "Deville, Olivier"]
[Black "Plourde, Alain"]
[Result "1/2-1/2"]
[WhiteElo "1890"]
[BlackElo "1862"]
[PlyCount "117"]

1. c4 Nf6 2. Nf3 b6 3. d4 e6 4. a3 Bb7 5. Nc3 Be7 6. g3 O-O 7. Bg2 h6 8. O-O c5
9. d5 exd5 10. cxd5 d6 11. e4 Nbd7 12. a4 Ng4 13. Nd2 Nge5 14. Qe2 Re8 15. f4
Ng6 16. Nc4 Bf8 17. Qd3 Qf6 18. e5 dxe5 19. fxe5 Ngxe5 20. Qc2 Qd8 21. Nxe5
Nxe5 22. Bf4 g5 23. Bd2 Bg7 24. Ne4 Bxd5 25. Bc3 Bxe4 26. Qxe4 Rb8 27. Rad1 Qe7
28. Qf5 Qe6 29. Qc2 Rbd8 30. Rde1 Qd6 31. Qf5 Qe6 32. Qc2 Qd6 33. Rd1 Qe6 34.
Be4 Rxd1 35. Rxd1 Qe7 36. Bh7+ Kh8 37. Rf1 Ng4 38. Bd3 Qe3+ 39. Kh1 Bxc3 40.
bxc3 Rd8 41. Bc4 Qd2 42. Qxd2 Rxd2 43. Rxf7 Rxh2+ 44. Kg1 Rc2 45. Be6 Ne5 46.
Rxa7 Rxc3 47. g4 Nc6 48. Rb7 Rc1+ 49. Kg2 Rc2+ 50. Kf1 Rb2 51. Bf5 Rb4 52. Rh7+
Kg8 53. Rxh6 Nd4 54. Rg6+ Kf8 55. Rxg5 Nxf5 56. Rxf5+ Kg7 57. a5 bxa5 58. Rxc5
Rxg4 59. Rxa5 1/2-1/2